| 000 | 01020nam a22003138i 4500 | ||
|---|---|---|---|
| 999 |
_c27085 _d27057 |
||
| 001 | 013270199 | ||
| 003 | Uk | ||
| 005 | 20190207102454.0 | ||
| 008 | 050411s2005 gw a 000 0 eng | ||
| 015 |
_aGBA567589 _2bnb |
||
| 016 | 7 |
_a013270199 _2Uk |
|
| 020 | _a9783540232353 (hbk.) : | ||
| 020 | _a3540232354 (hbk.) : | ||
| 040 |
_aStDuBDS _beng _cEG-ScBUE |
||
| 082 | 0 | 4 |
_a510.904 _222 _bMAT |
| 245 | 0 | 0 |
_aMathematical events of the twentieth century / _cV.I. Arnold ... [et al.] (eds.). |
| 264 |
_aBerlin ; New York: _bSpringer; _c2006. |
||
| 300 |
_a545 pages : _billustration; _c27cm. |
||
| 336 |
_atext _2rdacontent |
||
| 337 |
_aunmediated _2rdamedia |
||
| 338 |
_avolume _2rdacarrier |
||
| 650 | 7 |
_aMathematics _xHistory _y20th century. _2BUEsh |
|
| 650 | 7 |
_aMathematics _xPhilosophy. _2BUEsh |
|
| 650 | 7 |
_aMathematics _zSoviet Union. _2BUEsh |
|
| 650 | 7 |
_aMathematics _zRussia (Federation) _2BUEsh |
|
| 653 | _cFebruary2019 | ||
| 700 | 1 |
_aArnolʹd, V. I. _q(Vladimir Igorevich), _d1937-2010. |
|
| 942 |
_2ddc _cBB |
||